| 000 | 00000nam 2200000za 4500 |
| 001 | 9.816837 |
| 003 | CaOODSP |
| 005 | 20250303104652 |
| 007 | cr ||||||||||| |
| 008 | 160504s1922 oncaoe||o f|0| 0 eng d |
| 040 | |aCaOODSP|beng |
| 043 | |an-cn--- |
| 086 | 1 |aA12-2/10-1922E-PDF |
| 100 | 1 |aSpencer, J. B. |
| 245 | 10|aSwine husbandry in Canada |h[electronic resource] / |cby J.B. Spencer. |
| 260 | |aOttawa : |bDepartment of Agriculture : |bLive Stock Branch, |c1925. |
| 300 | |a65 p. : |bill. |
| 490 | 1 |aBulletin, New series ; |vno. 10 |
| 500 | |a"Reprint of Bulletin No. 17." |
| 500 | |a"May, 1922." |
| 500 | |aIssued also in French under title: L'élevage des porcs au Canada. |
| 500 | |aHistorical publication digitized from Agriculture and Agri-Food Canada collection. |
| 692 | 07|2gccst|aHogs |
| 692 | 07|2gccst|aAnimal husbandry |
| 710 | 1 |aCanada. |bDepartment of Agriculture. |
| 710 | 1 |aCanada.|bLive Stock Branch. |
| 775 | 08|tL'élevage des porcs au Canada / |w(CaOODSP)9.906667 |
| 830 | #0|aBulletin (Canada. Department of Agriculture)|vno. 10 |w(CaOODSP)9.812039 |
| 856 | 40|qPDF|s6.88 MB|uhttps://publications.gc.ca/collections/collection_2016/aac-aafc/agrhist/A12-2-10-1922-eng.pdf |